000 009260000a22002290004500
020 _a334-00495-0
082 0 4 _aG 270.2 Y68f
100 1 _aYoung, Frances M.
245 1 0 _aFrom Nicaea to Chalcedon : A guide to the literature and its background / Frances M. Young
260 _aLondon : SCM Press
300 _a406 páginas
500 _aIncluye índice (p. 400-406)
501 _aRústico
504 _aIncluye bibliografías (p. 333-399)
505 0 0 _aEl nacimiento de la historia de la iglesia y su secuela - Atanasio y algunos compañeros alejandrinos del siglo IV - Los capadocios - Algunos personajes contrastantes de finales del siglo IV - La literatura de controversia cristológica
650 1 4 _aHistoria \ Iglesia - Historia - Periodo Primitivo, 30-600
001 19578
942 _cBK
999 _c45940
_d45940
336 _atexto
_btxt
_2rdacontent
337 _2rdamedia
_asin mediación
_bn
338 _2rdacarrier
_avolumen
_bnc